| 000 | 01570nam0a22003131 4500 | ||
|---|---|---|---|
| 001 | v19\rc\1587624 | ||
| 005 | 20260406151836.0 | ||
| 035 | _a(NLR Aleph) 005237710 | ||
| 090 |
_a5671777 _c5671777 |
||
| 100 | _a20061002d1894 |||y0rusy50 ca | ||
| 101 | 0 | _arus | |
| 102 | _aRU | ||
| 105 | _ay z |||e| | ||
| 200 | 1 |
_aИз собрания автографов... Публичной библиотеки _iПисьма А.Ф. Воейкова и Ю.И. Венелина к А.А. Краевскому _iЗаметки и мысли В.А. Жуковского |
|
| 210 |
_aСанкт-Петербург _cСинод. тип. _d1894 |
||
| 215 |
_a62 с. _d27 |
||
| 532 | 1 | 3 | _aИз собрания автографов Публичной библиотеки |
| 702 | 1 |
_aВенелин _bЮ.И. _f1802-1839 _gЮрий Иванович _4570 |
|
| 702 | 1 |
_4660 _8rus _7ca _aКраевский _bА. А. _cпублицист _f1810-1889 _gАндрей Александрович _3RU\NLR\AUTH\7759560 _942491 |
|
| 702 | 1 |
_4570 _8rus _7ca _aЖуковский _bВ. А. _f1783-1852 _cпоэт _gВасилий Андреевич _3RU\NLR\AUTH\775529 _9115493 |
|
| 702 | 1 |
_4570 _8rus _7ca _aВоейков _bА. Ф. _f1779-1839 _gАлександр Федорович _3RU\NLR\AUTH\7761421 _944351 |
|
| 710 | 0 | 2 |
_aПубличная библиотека _cПетербург |
| 801 | 0 |
_aRU _bNLR _c20061002 _gpsbo |
|
| 801 | 0 |
_aRU _bRuMoRGB _c20061002 _2psbo |
|
| 801 | 1 |
_aRU _bProSoft-M _c20061002 _2rusmarc |
|
| 801 | 2 |
_aRU _bNLR _c20080209 _2rusmarc |
|
| 852 |
_aNLR _j72-7/1417 |
||
| 942 | _cBOOK | ||
| 980 | _aNB | ||